1784 1567 1382 1301 1126 1844 1981 1743 1823 1892 1886 1416 1827 1056 1849 1656 1034 1636 1175 1121 1389 1149 1865 1591 1457 1217 1410 1892 1044 1603 1735 1524 1482 1187 1097 1959 1274 1858 1001 1826 1931 1802 1677 1578 1642 1613 1440 1146 1298 1580 1642 1884 1647 1054 1188 1107 1924 1460 1602 1321 1218 1620 1072 1580 1098 1767 1699 1656 1391 1995 1590 1699 1010 1114 1197 1856 1370 1073 1241 1813 1814 1079 1230 1858 1445 1200 1954 1549 1058 1576 1098 1672 1908 1911 1399 1488 1303 1725 1303 BCNSPRNW ULIB Ver.6.0+V

เปลี่ยนเป็นภาษาไทย

Change to English
 แสดงรายละเอียดบรรณานุกรม
  กลับหน้าหลัก

Brief Record : Get Marc (ISO 2709) : E-mail record : QR code < ปิดหน้าต่าง
LEADER : 00000nam 2200000uu 4500
001    13399124532
003     ULIB
008    020711s2546 th a 000 0 tha d
099    วจ.WY18^bช618พ
100    ชุติมา จริตงาม
245    พฤติกรรมการใฝ่รู้ทางการเรียนของนักศึกษาพยาบาล วิทยาลัยพยาบาลบรมราชชนนี สวรรค์ประชารักษ์/^cชุติมา จริตงาม
260    นครสวรรค์ :^bวิทยาลัยพยาบาลบรมราชชนนี สวรรค์ประชารักษ์ นครสวรรค์,^c2546
945    ^p0^l0^i015499
999    ^aวรรณษา ชูชัยมงคล
รายการนี้ยังไม่มีแท็ก
คุณยังไม่ได้ล็อกอิน คุณสามารถมีกิจกรรมร่วมกับเว็บไซต์ได้ แต่ต้องล็อกอินก่อน ::
  ล็อกอิน

รายการสื่อสารสนเทศ

ลำดับที่ ประเภท เลขเรียก/บาร์โค้ด สถานที่ สถานะ
1. งานวิจัย
งานวิจัย
วจ.WY18 ช618พ ฉ.1 
  Barcode: 015499
ห้องสมุดวิทยาเขตสวรรค์ประชารักษ์
►วิจัย
บนชั้น

BibComment


ยังไม่เคยถูกคอมเมนท์

คอมเมนท์ทรัพยากรรายการนี้
  คอมเมนท์: พฤติกรรมการใฝ่รู้..


 Copyright 2026. Bcnsprnw @Library